000 00460nam a2200181Ia 4500
001 9584
005 20260306161729.0
008 260306t2003||||xx |||||||||||||| ||spa||
041 _aESP
082 _a382.1
_bS71
100 _aSotomayor Vértiz, Abdías
_eAUT
245 0 _aNormas antidumping y antitrust en los procesos de integración
260 _c2003
300 _a373 páginas :
_ccm.
650 _aGEN
654 _aCAN
942 _cLIB
_dJUS
_fJUS
_2ddc
_n
999 _c9584
_d9584